| 000 | 00479nam a2200157 i 4500 | ||
|---|---|---|---|
| 001 | 60250 | ||
| 003 | ES-MaACL | ||
| 005 | 20230906164206.0 | ||
| 007 | t| | ||
| 008 | 031104s1969 sp ||||1| spa d | ||
| 100 | 1 |
_aEspaña Paya, Joaquín. _947763 |
|
| 245 | 1 | 3 |
_aLa codorniz y otras aves afines _b: su biología y caza / _cJoaquín España Paya. |
| 260 |
_aBarcelona : _bPulide, _c[1969] |
||
| 300 |
_a138 p., 2 lám. : _bil. ; _c18 cm. |
||
| 852 |
_aES-MaACL _jC-36522 _bR.70368 |
||
| 999 |
_c60250 _d60250 |
||